01053nam a2200229 a 450000100100000000500170001000800410002704000250006808200200009310000390011324500550015226000380020730000210024565000290026665000310029591000370032604900090036395201330037295201770050595201240068299900170080600001150220240412074227.0091019s1964 dr 000 j spa d aDO-SdBNPbspacBNPHU aRD863.44bA516t1 aAmiama, Manuel A.d1899-19919843810aTio Juan y otros cuentos /cManuel Antonio Amiama. aSanto Domingo :bMontalvo,c1964. a262 p. ;c23 cm. 0aCuentos dominicanos9176 0aLiteratura dominicana.967 aValidado. Control de calidad EMS aBNPD 001054708DSaGRbGRcHDd2011-10-11iLF1l0oRD863.44 A516tp11502-30r2020-06-25te. 3w2020-06-25yLFDSZPréstamo en sala 0010718PDaPDbPDcHDd2009-10-19iLF1l0oRD863.44 A516tp11502-10r2020-06-25w2020-06-25yLFPDzPerteneció a la biblioteca personal de Martínez Boog.ZNo se presta 0010718PDaPDbPDcHDd2009-10-19iLF1l0oRD863.44 A516tp11502-20r2020-06-25te. 2w2020-06-25yLFPDZNo se presta c11203d11203